000
00480nam a2200145Ia 4500
008
100122s9999 xx 000 0 und d
082
_b
52673
_a
822
100
_a
कुलकर्णी रंंगनाथ
245
_a
सुदाम्याचे पोहे
260
_b
कौशिक प्रकाशन
_c
1996
300
_a
84
630
_a
सुदाम्याचे पोहे
730
_a
सुदाम्याचे पोहे
942
_c
BOOK
999
_c
429841
_d
429838